| 000 | 00447nam a22001577a 4500 | ||
|---|---|---|---|
| 005 | 20250901165817.0 | ||
| 008 | 010522s2000 ke 000 0 swa | ||
| 010 | _a 2001295178 | ||
| 020 | _a0195729757 | ||
| 050 | 0 | 0 | _aPL 8704 .M64 2000 |
| 100 | 1 |
_aMohamed, Said Ahmed, _d1947- |
|
| 245 | 1 | 0 |
_aKitumbua kimeingia mchanga / _cSaid A. Mohamed. |
| 260 |
_aNairobi : _bOxford University Press, _c2000. |
||
| 300 |
_aiv, 74 p. ; _c18 cm. |
||
| 942 | _2lcc | ||
| 999 |
_c9518 _d9518 |
||